Conflictos en la escuela de la era digital: tecnología y violencia
Պահպանված է:
| Հիմնական հեղինակ: | |
|---|---|
| Ձևաչափ: | Գիրք |
| Լեզու: | իսպաներեն |
| Հրապարակվել է: |
Buenos Aires
Bonum
2012
|
| Հրատարակություն: | 1a. ed |
| Խորագրեր: | |
| Ցուցիչներ: |
Ավելացրեք ցուցիչ
Չկան պիտակներ, Եղեք առաջինը, ով նշում է այս գրառումը!
|
MARC
| LEADER | 00000cam a2200000 a 4500 | ||
|---|---|---|---|
| 001 | UCF8923 | ||
| 003 | CL-VaPUC | ||
| 008 | 131011e20120000ag |||||||||||||||||spa|d | ||
| 020 | |a 9789876670647 | ||
| 082 | 0 | 4 | |a 371.782 |b CAS |2 21 |
| 100 | 0 | |a Castro Santander, Alejandro |e author |9 571043 | |
| 245 | 1 | 0 | |a Conflictos en la escuela de la era digital: tecnología y violencia |
| 250 | |a 1a. ed | ||
| 300 | |a 192 p | ||
| 942 | |c BK | ||
| 945 | |d 20131011 10:45:00 |a dcastane | ||
| 260 | |a Buenos Aires |b Bonum |c 2012 | ||
| 650 | 0 | |a Violencia escolar |9 453211 | |
| 650 | 0 | |a Resolución de conflictos |9 434922 | |
| 650 | 0 | |a Acoso escolar |9 531527 | |
| 650 | 7 | |a BULLYING |2 CL-VaPUC |9 525095 | |
| 583 | |a last modification |c 20131011 10:45:00 |k Rodrigo Vera | ||
| 999 | |c 353423 |d 353421 | ||
| 952 | |0 0 |1 0 |3 erb |4 0 |6 371_782000000000000_CAS_2012 |7 0 |8 A |9 458634 |a BIBTEO |b BIBTEO |d 2019-11-23 |i 5016711 |o 371.782 CAS 2012 |p 5016711 |r 2025-01-17 |w 2019-11-23 |y BK |z Catalogado en:20131011 |k ICR | ||